000 00900nam a2200229Ia 4500
003 OSt
005 20220926021917.0
006 a|||||r|||| 00| 0
007 ta
008 220923b |||||||| |||| 00| 0 eng d
037 _cGeneral Book
040 _aRTL
_cRTL
_beng
041 _2eng
_aeng
082 _aV1N45,933:8.N74r, L4.1-23 /UN
110 _aUNITED NATIONS, GENERAL ASSEMBLY, OFFICIAL RECORDS: 26th SESSION. GRANTING OF INDPENDENCE TO COLONIAL COUNTRIES AND PEOPLES (Special Committee on -)
_9327182
245 0 _aReport
260 _aNew York
_bUnited Nations
_c1974
300 _ax,212p
_ccm.
700 _aUNITED NATIONS, GENERAL ASSEMBLY, OFFICIAL RECORDS: 26th SESSION. GRANTING OF INDPENDENCE TO COLONIAL COUNTRIES AND PEOPLES (Special Committee on -)
_9327183
942 _hV1N45,933:8.N74r, L4.1-23 /UN
_cGB
_2CC
999 _c637999
_d637999